Kiki sakit

Bibliographic Details
Main Author: Mansor Bin Man
Format: Book
Published: Selangor : Pustaka dasar jaya publications , 2014
Series:Kisah kehidupan kiki
Subjects:

MARC

LEADER 00000cam a2200000 7i4500
001 0000043901
005 20220105104140.0
008 141209
020 |a 9670461366 
090 0 0 |a JP   |b MAL 
100 1 |a Mansor Bin Man 
245 1 1 |a Kiki sakit   |c Mansor Bin Man 
260 |a Selangor :   |b Pustaka dasar jaya publications ,   |c 2014 
490 1 |a Kisah kehidupan kiki 
500 |a Children age 4-6 years old (yellow) 
650 0 |a Children's   |x juvenile litrature. 
650 0 |a Malaya. 
999 |a 0001309581   |b Book   |c Children Collection   |e Perbadanan Perpustakaan Awam Johor 
999 |a 0001309585   |b Book   |c Children Collection   |e Perbadanan Perpustakaan Awam Johor